000
00306nam a2200109Ia 4500
008
200302s9999 xx 000 0 und d
100
_a
Department of Environment
245
_a
The CO-Ordination of Underground Services A Case Study
260
_b
The National Building Agency
260
_c
1970
300
_a
12 P.,
999
_c
484
_d
484